Which NFL Quarterback? - Statistics

General Stats
  • This quiz has been taken 7,806 times
  • The average score is 12 of 20
Answer Stats
Hint Answer % Correct
Won seven Super Bowls Tom Brady
100%
Won two Super Bowls, just like his little brother Peyton Manning
97%
Known for the "tush push" Jalen Hurts
82%
In 2020, he signed the largest contract in NFL history ($450 million) Patrick Mahomes
80%
Has the career and single-season records for rushing yards for a quarterback Lamar Jackson
74%
Was intercepted at the goal line by Malcolm Butler in Super Bowl XLIX Russell Wilson
74%
Was traded for Matt Stafford Jared Goff
71%
Had a perfect 4-0 record in Super Bowls, with 11 touchdowns and no interceptions Joe Montana
60%
Holds the NFL record for most consecutive starts (297) Brett Favre
58%
After scoring, he celebrates by pretending to put a championship belt around his waist Aaron Rodgers
56%
Lost four consecutive Super Bowls Jim Kelly
56%
Has the most rushing touchdowns of any quarterback Josh Allen
55%
Guaranteed a win in Super Bowl III Joe Namath
54%
Led the "The Greatest Show on Turf" Kurt Warner
52%
Has started the most games of any Cleveland Browns quarterback in the 21st century (but still only 60) Baker Mayfield
51%
Yelled "you like that" after leading his team to a comeback win Kirk Cousins
46%
Appeared in the movie "Ace Ventura: Pet Detective" Dan Marino
42%
Threw a touchdown for eight different teams Ryan Fitzpatrick
38%
His great-great-great grandfather founded Salt Lake City Steve Young
36%
Dated Jessica Simpson Tony Romo
33%
No matching quizzes found
Score Distribution
Percent of People with Each Score
Percentile by Number Answered
Your Score History
You have not taken this quiz